Národní parlamenty a demokratická legitimita Evropské unie /

Hlavní autor: Grinc, Jan, 1985-
Jazyk: Čeština
Vydáno: Praha : Leges, 2015
Vydání: Vydání první
Edice: Teoretik
Témata:
Fyzický popis: 315 stran ; 21 cm
Language note: Anglické resumé
Knihy
Uloženo v:
LEADER 02481nam a2200649 i 4500
001 nkc20152750451
003 CZ PrNK
005 20160211110503.0
007 ta
008 151103s2015 xr e 000 0 cze
015 |a cnb002750451 
020 |a 978-80-7502-091-8  |q (brožováno) 
035 |a (OCoLC)944217746 
040 |a ABA001  |b cze  |d BOA001  |e rda 
041 0 |a cze  |b eng 
043 |a e------ 
072 7 |a 328  |x Zastupitelské orgány. Vlády. Politické systémy jednotlivých zemí  |2 Konspekt  |9 15 
080 |a 328.1:342.53  |2 MRF 
080 |a 321.72  |2 MRF 
080 |a 342.3:321.011  |2 MRF 
080 |a 342  |2 MRF 
080 |a [339.923+327](4)  |2 MRF 
080 |a 34  |2 MRF 
080 |a (4)  |2 MRF 
080 |a (048.8)  |2 MRF 
100 1 |a Grinc, Jan,  |d 1985-  |7 xx0086213  |4 aut 
245 1 0 |a Národní parlamenty a demokratická legitimita Evropské unie /  |c Jan Grinc 
250 |a Vydání první 
264 1 |a Praha :  |b Leges,  |c 2015 
300 |a 315 stran ;  |c 21 cm 
336 |a text  |b txt  |2 rdacontent 
337 |a bez média  |b n  |2 rdamedia 
338 |a svazek  |b nc  |2 rdacarrier 
490 1 |a Teoretik 
504 |a Obsahuje bibliografii a bibliografické odkazy 
546 |a Anglické resumé 
610 2 7 |a Evropský parlament  |7 kn20030103003  |2 czenas 
610 2 7 |a Evropská unie  |7 kn20010711086  |2 czenas 
650 0 7 |a parlament  |7 ph135350  |z země Evropské unie  |2 czenas 
650 0 7 |a parlamentní demokracie  |7 ph115680  |z země Evropské unie  |2 czenas 
650 0 7 |a legitimita moci  |7 ph208682  |z země Evropské unie  |2 czenas 
650 0 7 |a ústavní právo  |7 ph116908  |z země Evropské unie  |2 czenas 
650 0 7 |a evropská integrace  |7 ph137464  |x právní aspekty  |2 czenas 
650 0 9 |a parliament  |z European Union countries  |2 eczenas 
650 0 9 |a representative government and representation  |z European Union countries  |2 eczenas 
650 0 9 |a legitimacy of government  |z European Union countries  |2 eczenas 
650 0 9 |a constitutional law  |z European Union countries  |2 eczenas 
650 0 9 |a European integration  |x legal aspects  |2 eczenas 
655 7 |a monografie  |7 fd132842  |2 czenas 
655 9 |a monographs  |2 eczenas 
830 0 |a Teoretik  |0 s 
910 2 |a BOA001  |b 2-1356.988 
990 |a BK 
995 |a 01 
991 |b 201601  |c NOV 
996 6 |b 2610655329  |c 2-1356.988  |l MZK  |r Sklad / do 1 hodiny  |n 2  |p p.v.  |w 001538231  |u 000010  |a 1  |e BOA001  |j MZK50  |s P 
996 7 |b 2610656609  |c 2-1356.988  |l MZK  |r Sklad / do 1 hodiny  |n 4  |p kup  |w 001538231  |u 000020  |a 1  |e BOA001  |j MZK50  |s A